[Event "CZE-chT2A 1920"]
[Site "Czech Republic"]
[Date "2019.12.15"]
[Round "5.8"]
[White "Vanek, Petr"]
[Black "Petras, Milan"]
[Result "1/2-1/2"]
[WhiteElo "2076"]
[BlackElo "1996"]
[PlyCount "33"]
[EventDate "2019.10.13"]
[EventType "team-tourn"]
[EventRounds "11"]
[EventCountry "CZE"]
[SourceTitle "EXT 2024"]
[Source "ChessBase"]
[SourceDate "2023.10.10"]
[SourceVersion "1"]
[SourceVersionDate "2023.10.10"]
[SourceQuality "1"]
[WhiteTeam "Vysehrad II"]
[BlackTeam "Pribram Banik"]
[WhiteTeamCountry "CZE"]
[BlackTeamCountry "CZE"]

1. e4 e6 2. d4 d5 3. Nc3 Bb4 4. e5 c5 5. Bd2 Ne7 6. a3 Bxc3 7. Bxc3 Nd7 8. Nf3 cxd4 9. Bxd4 Nc6 10. c4 Nxd4 11. Qxd4 Qb6 12. Qxb6 Nxb6 13. cxd5 Nxd5 14. Bc4 Nb6 15. Bb3 Bd7 16. 0-0 Ke7 17. Nd4 1/2-1/2

[Event "EU-Cup 35th"]
[Site "Ulcinj"]
[Date "2019.11.12"]
[Round "3.15"]
[White "Vanek, Petr"]
[Black "Vuckovic, Marko1111"]
[Result "1-0"]
[WhiteElo "2049"]
[BlackElo "2054"]
[PlyCount "63"]
[EventDate "2019.11.10"]
[EventType "team-swiss"]
[EventRounds "7"]
[EventCountry "MNE"]
[SourceTitle "CBM 193 Extra"]
[Source "ChessBase"]
[SourceDate "2020.01.31"]
[SourceVersion "1"]
[SourceVersionDate "2020.01.31"]
[SourceQuality "1"]
[WhiteTeam "Unichess"]
[BlackTeam "Buducnost"]
[WhiteTeamCountry "CZE"]
[BlackTeamCountry "MNE"]

1. e4 c5 2. Nc3 e6 3. g3 Nc6 4. Bg2 a6 5. d3 Nf6 6. f4 d5 7. e5 Nd7 8. Nf3 b5 9. 0-0 Be7 10. Ne2 Bb7 11. c3 a5 12. Kh1 a4 13. d4 b4 14. f5 exf5 15. Nf4 Nb6 16. dxc5 Bxc5 17. Nd4 Bxd4 18. cxd4 0-0 19. g4 fxg4 20. Qxg4 Ne7 21. Nh5 Ng6 22. Bg5 Qc8 23. Qg3 h6 24. Be7 Re8 25. Bc5 Qc6 26. Rac1 Rac8 27. Bh3 Rc7 28. e6 Nc4 29. Bf5 Nd2 30. Bxg6 fxg6 31. Qxg6 Ne4 32. Rf7 1-0

[Event "CZE-chT1W 1819"]
[Site "Czech Republic"]
[Date "2019.04.07"]
[Round "11.6"]
[White "Vanek, Petr"]
[Black "Riha, Vojtech"]
[Result "0-1"]
[WhiteElo "2077"]
[BlackElo "2174"]
[PlyCount "68"]
[EventDate "2018.10.21"]
[EventType "team-tourn"]
[EventRounds "11"]
[EventCountry "CZE"]
[SourceTitle "CBM 189 Extra"]
[Source "ChessBase"]
[SourceDate "2019.06.03"]
[SourceVersion "1"]
[SourceVersionDate "2019.06.03"]
[SourceQuality "1"]
[WhiteTeam "Vysehrad"]
[BlackTeam "Polabiny"]
[WhiteTeamCountry "CZE"]
[BlackTeamCountry "CZE"]

1. e4 c5 2. Nc3 Nc6 3. f4 g6 4. Nf3 Bg7 5. Bc4 d6 6. 0-0 e6 7. f5 Nh6 8. fxe6 fxe6 9. d3 0-0 10. Bg5 Qd7 11. Qe1 a6 12. Qh4 Nf7 13. a4 Qe8 14. Bf6 Bxf6 15. Qxf6 Nfe5 16. Qh4 Nxf3+ 17. Rxf3 Rxf3 18. gxf3 Nd4 19. Rf1 Bd7 20. f4 b5 21. Ba2 Qf7 22. f5 gxf5 23. Kh1 Kh8 24. exf5 Nxf5 25. Ne4 Bc6 26. Qh3 Rf8 27. axb5 Bxe4+ 28. dxe4 Ng3+ 29. hxg3 Qxf1+ 30. Qxf1 Rxf1+ 31. Kg2 Ra1 32. b6 Rxa2 33. b3 Rxc2+ 34. Kh3 Rb2 0-1

[Event "CZE-chT2A 1819"]
[Site "Czech Republic"]
[Date "2019.01.27"]
[Round "7.5"]
[White "Vanek, Petr"]
[Black "Hlavacek, Jiri"]
[Result "0-1"]
[WhiteElo "2077"]
[BlackElo "2045"]
[PlyCount "62"]
[EventDate "2018.10.14"]
[EventType "team-tourn"]
[EventRounds "11"]
[EventCountry "CZE"]
[SourceTitle "EXT 2022"]
[Source "ChessBase"]
[SourceDate "2021.10.06"]
[SourceVersion "1"]
[SourceVersionDate "2021.10.06"]
[SourceQuality "1"]
[WhiteTeam "Vysehrad II"]
[BlackTeam "Pribram Banik"]
[WhiteTeamCountry "CZE"]
[BlackTeamCountry "CZE"]

1. e4 c5 2. Nc3 Nc6 3. g3 g6 4. Bg2 Bg7 5. d3 Rb8 6. Nge2 b5 7. 0-0 b4 8. Nd5 e6 9. Ne3 Nge7 10. f4 d5 11. f5 exf5 12. exf5 Bxf5 13. Nxf5 Nxf5 14. Nf4 Nfe7 15. Be3 Rb5 16. c4 bxc3 17. bxc3 Bxc3 18. a4 Ra5 19. Rc1 Bd4 20. Bxd4 Nxd4 21. Qe1 0-0 22. Kh1 Ndc6 23. Qc3 Qd6 24. Rfe1 Rd8 25. Rxe7 Qxe7 26. Nxd5 Qe5 27. d4 Qxd4 28. Ne7+ Kf8 29. Nxc6 Qxc3 30. Rxc3 Rd1+ 31. Bf1 Ra6 0-1

[Event "CZE-chT2A 1819"]
[Site "Czech Republic"]
[Date "2019.01.13"]
[Round "6.6"]
[White "Vanek, Petr"]
[Black "Petr, Jakub"]
[Result "1/2-1/2"]
[WhiteElo "2077"]
[BlackElo "2183"]
[PlyCount "94"]
[EventDate "2018.10.14"]
[EventType "team-tourn"]
[EventRounds "11"]
[EventCountry "CZE"]
[SourceTitle "EXT 2022"]
[Source "ChessBase"]
[SourceDate "2021.10.06"]
[SourceVersion "1"]
[SourceVersionDate "2021.10.06"]
[SourceQuality "1"]
[WhiteTeam "Vysehrad II"]
[BlackTeam "Praha Bohemians"]
[WhiteTeamCountry "CZE"]
[BlackTeamCountry "CZE"]

1. e4 c5 2. Nc3 e6 3. g3 Nc6 4. Bg2 g6 5. d3 Bg7 6. Nge2 Nge7 7. 0-0 0-0 8. Be3 Nd4 9. Qd2 d5 10. Nd1 Nxe2+ 11. Qxe2 b6 12. exd5 exd5 13. Bg5 f6 14. Bd2 Re8 15. Re1 Bb7 16. Qe6+ Kf8 17. Nc3 Qc8 18. Qd6 Qc6 19. Bf4 Rad8 20. Qxc6 Bxc6 21. Re6 d4 22. Bxc6 Nxc6 23. Rxc6 dxc3 24. bxc3 f5 25. Bd2 Re2 26. Rd1 Rde8 27. Kf1 R2e6 28. Rxe6 Rxe6 29. Re1 Ke7 30. Rxe6+ Kxe6 31. Ke2 b5 32. c4 b4 33. Be3 Kd6 34. Bf4+ Kc6 35. Bb8 Kb7 36. Bd6 Kc6 37. Be7 Bd4 38. f4 Kd7 39. Bf8 a5 40. Kf3 Ke6 41. g4 Kf7 42. Bd6 Ke6 43. Bc7 a4 44. h3 Bf6 45. g5 Bc3 46. Bd8 Kf7 47. h4 a3 1/2-1/2

[Event "CZE-chT2A 1718"]
[Site "Czech Republic"]
[Date "2018.04.08"]
[Round "11.7"]
[White "Vanek, Petr"]
[Black "Korsa, Jindrich"]
[Result "1-0"]
[WhiteElo "2074"]
[BlackElo "2073"]
[PlyCount "65"]
[EventDate "2017.10.15"]
[EventType "team-tourn"]
[EventRounds "11"]
[EventCountry "CZE"]
[SourceTitle "EXT 2022"]
[Source "ChessBase"]
[SourceDate "2021.10.06"]
[SourceVersion "1"]
[SourceVersionDate "2021.10.06"]
[SourceQuality "1"]
[WhiteTeam "Vysehrad II"]
[BlackTeam "Podborany"]
[WhiteTeamCountry "CZE"]
[BlackTeamCountry "CZE"]

1. e4 e5 2. Nf3 Nc6 3. Bb5 a6 4. Ba4 Nf6 5. Qe2 d6 6. 0-0 Be7 7. c3 Bg4 8. Rd1 b5 9. Bb3 0-0 10. d4 Qc8 11. Bg5 Na5 12. Bc2 Re8 13. Nbd2 c5 14. dxe5 dxe5 15. Nf1 Nc4 16. b3 Na3 17. Rac1 Qb7 18. Bxf6 Bxf6 19. Ne3 Be6 20. Nd5 Bxd5 21. Rxd5 Nxc2 22. Rxc2 c4 23. bxc4 bxc4 24. Rb2 Qc7 25. g3 Rab8 26. Kg2 g6 27. Rxb8 Rxb8 28. Qd2 Kg7 29. h4 h6 30. Nh2 Qc8 31. Nf1 g5 32. Ne3 Rb7 33. Nf5+ 1-0

[Event "CZE-chT1W 1718"]
[Site "Czech Republic"]
[Date "2018.01.21"]
[Round "6.1"]
[White "Fencl, Pavel"]
[Black "Vanek, Petr"]
[Result "0-1"]
[WhiteElo "2061"]
[BlackElo "2074"]
[PlyCount "72"]
[EventDate "2017.10.29"]
[EventType "team-tourn"]
[EventRounds "11"]
[EventCountry "CZE"]
[SourceTitle "EXT 2019"]
[Source "ChessBase"]
[SourceDate "2018.10.10"]
[SourceVersion "1"]
[SourceVersionDate "2018.10.10"]
[SourceQuality "1"]
[WhiteTeam "Lysa nad Labem III"]
[BlackTeam "Vysehrad"]
[WhiteTeamCountry "CZE"]
[BlackTeamCountry "CZE"]

1. c4 g6 2. Nc3 Bg7 3. g3 e5 4. Bg2 Nc6 5. d3 d6 6. Nf3 Nf6 7. 0-0 0-0 8. Bg5 h6 9. Bxf6 Bxf6 10. Rb1 Bg7 11. b4 f5 12. Qc2 g5 13. b5 Ne7 14. Nd2 Kh8 15. a4 f4 16. Nd5 Nf5 17. Nb3 Be6 18. Nb4 Rb8 19. Na5 Nd4 20. Qd1 c5 21. Nxb7 Rxb7 22. Bxb7 cxb4 23. Rxb4 Bh3 24. Bg2 Bxg2 25. Kxg2 Nxe2 26. Qxe2 f3+ 27. Qxf3 Rxf3 28. Kxf3 d5 29. Kg2 Bf8 30. Rbb1 Bc5 31. Rbe1 Bd4 32. c5 Bxc5 33. Rxe5 Kg7 34. Rfe1 Qf6 35. R1e2 g4 36. Kg1 Bxf2+ 0-1

[Event "CZE-chT2A 1718"]
[Site "Czech Republic"]
[Date "2017.12.17"]
[Round "5.6"]
[White "Nudcenko, Karel"]
[Black "Vanek, Petr"]
[Result "1/2-1/2"]
[WhiteElo "2061"]
[BlackElo "2074"]
[PlyCount "60"]
[EventDate "2017.10.15"]
[EventType "team-tourn"]
[EventRounds "11"]
[EventCountry "CZE"]
[SourceTitle "EXT 2022"]
[Source "ChessBase"]
[SourceDate "2021.10.06"]
[SourceVersion "1"]
[SourceVersionDate "2021.10.06"]
[SourceQuality "1"]
[WhiteTeam "Udlice"]
[BlackTeam "Vysehrad II"]
[WhiteTeamCountry "CZE"]
[BlackTeamCountry "CZE"]

1. e4 e6 2. d4 d5 3. e5 c5 4. c3 Nc6 5. Nf3 Nge7 6. Na3 cxd4 7. cxd4 Nf5 8. Nc2 Bd7 9. Bd3 Be7 10. 0-0 Qb6 11. Bxf5 exf5 12. Re1 Be6 13. b3 h6 14. h4 0-0-0 15. Ba3 Bxa3 16. Nxa3 g5 17. Nc2 f4 18. Qd3 Ne7 19. Qc3+ Kb8 20. Qb4 Qxb4 21. Nxb4 Nf5 22. hxg5 Rdg8 23. gxh6 Rxh6 24. Kf1 Rhg6 25. Nd3 Rxg2 26. Nxf4 R2g4 27. Ne2 Nh4 28. Nxh4 Rxh4 29. Ng3 Rxd4 30. Ke2 Kc7 1/2-1/2

[Event "CZE-chT2A 1718"]
[Site "Czech Republic"]
[Date "2017.12.03"]
[Round "4.7"]
[White "Bicek, Richard"]
[Black "Vanek, Petr"]
[Result "1-0"]
[WhiteElo "2104"]
[BlackElo "2074"]
[PlyCount "49"]
[EventDate "2017.10.15"]
[EventType "team-tourn"]
[EventRounds "11"]
[EventCountry "CZE"]
[SourceTitle "EXT 2022"]
[Source "ChessBase"]
[SourceDate "2021.10.06"]
[SourceVersion "1"]
[SourceVersionDate "2021.10.06"]
[SourceQuality "1"]
[WhiteTeam "Karlovy Vary Tietz"]
[BlackTeam "Vysehrad II"]
[WhiteTeamCountry "CZE"]
[BlackTeamCountry "CZE"]

1. e4 e5 2. Nf3 Nc6 3. d4 exd4 4. Nxd4 Bc5 5. Be3 Qf6 6. c3 Nge7 7. Bc4 Ne5 8. Be2 Qg6 9. 0-0 d5 10. exd5 Bh3 11. Bf3 0-0-0 12. c4 Nxc4 13. Kh1 Nxe3 14. fxe3 Bd7 15. Nc3 Qh6 16. Ne4 Bd6 17. Nxd6+ Qxd6 18. Qb3 Nf5 19. Nxf5 Bxf5 20. Rac1 Qb6 21. Qc4 Rd7 22. e4 Bg6 23. Bg4 f5 24. exf5 h5 25. Bh3 1-0

[Event "CZE-chT2A 1718"]
[Site "Czech Republic"]
[Date "2017.10.15"]
[Round "1.7"]
[White "Vanek, Petr"]
[Black "Kopriva, Martin"]
[Result "1/2-1/2"]
[WhiteElo "2074"]
[BlackElo "2082"]
[PlyCount "50"]
[EventDate "2017.10.15"]
[EventType "team-tourn"]
[EventRounds "11"]
[EventCountry "CZE"]
[SourceTitle "EXT 2022"]
[Source "ChessBase"]
[SourceDate "2021.10.06"]
[SourceVersion "1"]
[SourceVersionDate "2021.10.06"]
[SourceQuality "1"]
[WhiteTeam "Vysehrad II"]
[BlackTeam "Kozolupy"]
[WhiteTeamCountry "CZE"]
[BlackTeamCountry "CZE"]

1. e4 g6 2. d4 Bg7 3. c3 d6 4. Nf3 c6 5. Bd3 Qc7 6. Nbd2 Nf6 7. 0-0 0-0 8. e5 Ng4 9. h3 Nh6 10. exd6 exd6 11. Ne4 d5 12. Nf6+ Bxf6 13. Bxh6 Bg7 14. Qd2 Bxh6 15. Qxh6 f6 16. Rae1 b6 17. Re3 Ba6 18. Bxa6 Nxa6 19. Rfe1 Qg7 20. Qf4 Qc7 21. Qg4 Rf7 22. Re8+ Rxe8 23. Rxe8+ Kg7 24. Qe6 Qd7 25. Qxd7 Rxd7 1/2-1/2

[Event "CZE-chT2C 1617"]
[Site "Czech Republic"]
[Date "2017.04.02"]
[Round "11.6"]
[White "Fiala, Jan"]
[Black "Vanek, Petr"]
[Result "1/2-1/2"]
[WhiteElo "2000"]
[BlackElo "2060"]
[PlyCount "37"]
[EventDate "2016.10.09"]
[EventType "team-tourn"]
[EventRounds "11"]
[EventCountry "CZE"]
[SourceTitle "EXT 2022"]
[Source "ChessBase"]
[SourceDate "2021.10.06"]
[SourceVersion "1"]
[SourceVersionDate "2021.10.06"]
[SourceQuality "1"]
[WhiteTeam "Pisek"]
[BlackTeam "Vysehrad II"]
[WhiteTeamCountry "CZE"]
[BlackTeamCountry "CZE"]

1. e4 e6 2. d4 d5 3. Nc3 Bb4 4. e5 c5 5. a3 Ba5 6. b4 cxd4 7. Qg4 Kf8 8. Nb5 Bb6 9. Nf3 Nc6 10. Bb2 Nge7 11. Nbxd4 Nxd4 12. Bxd4 Nc6 13. Bb2 a6 14. Bd3 h6 15. 0-0 Bd7 16. h4 Ne7 17. Nd4 Bxd4 18. Bxd4 Bb5 19. Bc5 1/2-1/2

[Event "Klatovy op 22nd"]
[Site "Klatovy"]
[Date "2016.07.09"]
[Round "8"]
[White "Vanek, Petr"]
[Black "Drahorad, Daniel"]
[Result "1/2-1/2"]
[WhiteElo "2112"]
[BlackElo "1970"]
[PlyCount "21"]
[EventDate "2016.07.02"]
[EventType "swiss"]
[EventRounds "9"]
[EventCountry "CZE"]
[SourceTitle "EXT 2019"]
[Source "ChessBase"]
[SourceDate "2018.10.10"]
[SourceVersion "1"]
[SourceVersionDate "2018.10.10"]
[SourceQuality "1"]

1. e4 e6 2. d4 d5 3. Nc3 Bb4 4. e5 c5 5. Bd2 Ne7 6. a3 cxd4 7. axb4 dxc3 8. Bxc3 0-0 9. Nf3 Qc7 10. Bd3 Ng6 11. 0-0 1/2-1/2

[Event "Klatovy op 22nd"]
[Site "Klatovy"]
[Date "2016.07.05"]
[Round "4"]
[White "Maly, Filip"]
[Black "Vanek, Petr"]
[Result "1-0"]
[WhiteElo "1954"]
[BlackElo "2112"]
[PlyCount "69"]
[EventDate "2016.07.02"]
[EventType "swiss"]
[EventRounds "9"]
[EventCountry "CZE"]
[SourceTitle "CBM 173 Extra"]
[Source "ChessBase"]
[SourceDate "2016.08.29"]
[SourceVersion "1"]
[SourceVersionDate "2016.08.29"]
[SourceQuality "1"]

1. e4 e6 2. d4 d5 3. Nc3 Bb4 4. e5 c5 5. a3 Ba5 6. b4 cxd4 7. Qg4 Ne7 8. bxa5 dxc3 9. Qxg7 Rg8 10. Qxh7 Nbc6 11. Nf3 Qxa5 12. Rb1 Qc7 13. Bf4 Bd7 14. Bg3 0-0-0 15. Bd3 Ng6 16. Bxg6 fxg6 17. 0-0 Rdf8 18. h4 Na5 19. Qe7 b6 20. Qb4 Qc5 21. Rfe1 Nc6 22. Qg4 Na5 23. Nd4 Qxa3 24. Nb5 Qc5 25. Nd6+ Kb8 26. Re3 Nb7 27. Rb3 Nxd6 28. exd6 d4 29. Re5 Qc4 30. Re4 Qc6 31. Rxd4 e5 32. Rc4 Qxd6 33. Qd4 Qxd4 34. Rxd4 Rf5 35. Rxd7 1-0

[Event "Klatovy op 22nd"]
[Site "Klatovy"]
[Date "2016.07.02"]
[Round "1"]
[White "Kantor, Jozef"]
[Black "Vanek, Petr"]
[Result "0-1"]
[WhiteElo "1880"]
[BlackElo "2112"]
[PlyCount "104"]
[EventDate "2016.07.02"]
[EventType "swiss"]
[EventRounds "9"]
[EventCountry "CZE"]
[SourceTitle "CBM 173 Extra"]
[Source "ChessBase"]
[SourceDate "2016.08.29"]
[SourceVersion "1"]
[SourceVersionDate "2016.08.29"]
[SourceQuality "1"]

1. e4 e6 2. d4 d5 3. Nd2 Nf6 4. e5 Nfd7 5. Bd3 c5 6. c3 Nc6 7. Ne2 cxd4 8. cxd4 f6 9. exf6 Nxf6 10. Nf3 Bd6 11. 0-0 Qc7 12. Ng3 0-0 13. Re1 Bd7 14. Bd2 Rae8 15. Rc1 Qb6 16. Bc3 Bf4 17. Rc2 Nb4 18. Bxb4 Qxb4 19. Qe2 Rc8 20. a3 Qb6 21. b4 a5 22. Rc5 axb4 23. axb4 Qxb4 24. Rb1 Qa3 25. Rxc8 Rxc8 26. Rxb7 Qd6 27. Ne5 Be8 28. h3 Bh5 29. Qb2 Bc1 30. Qb1 Be8 31. Kh2 Bf4 32. Qb2 h5 33. h4 Bxe5 34. dxe5 Ng4+ 35. Kg1 Qxe5 36. Qd2 Bc6 37. Re7 Ra8 38. Bb1 Ra1 39. Qd1 Qf6 40. f3 Qxe7 41. fxg4 Qxh4 42. Nxh5 Rxb1 43. Qxb1 Qxg4 44. Qb8+ Kh7 45. Qe5 d4 46. Nf4 d3 47. Qe3 Kg8 48. Qd4 Bd5 49. Qb4 Bxg2 50. Qb8+ Kh7 51. Nxg2 d2 52. Qb1+ Kh6 0-1

[Event "CZE-chT rap"]
[Site "Pardubice"]
[Date "2015.07.19"]
[Round "6.5"]
[White "Gantar, Jan"]
[Black "Vanek, Petr"]
[Result "1/2-1/2"]
[WhiteElo "2159"]
[BlackElo "2103"]
[PlyCount "105"]
[EventDate "2015.07.16"]
[EventType "team-swiss"]
[EventRounds "7"]
[EventCountry "CZE"]
[SourceTitle "CBM 167 Extra"]
[Source "ChessBase"]
[SourceDate "2015.09.14"]
[SourceVersion "1"]
[SourceVersionDate "2015.09.14"]
[SourceQuality "1"]

1. e4 e6 2. d4 d5 3. Nd2 Nf6 4. e5 Nfd7 5. c3 c5 6. Bd3 Nc6 7. Ne2 cxd4 8. cxd4 f6 9. Nf4 Nxd4 10. Qh5+ Ke7 11. exf6+ Nxf6 12. Ng6+ hxg6 13. Qxh8 Kf7 14. 0-0 e5 15. Nf3 Nxf3+ 16. gxf3 Be6 17. Bg5 Bd6 18. Qh4 Qh8 19. Rfe1 Qh5 20. Bxf6 gxf6 21. Qxh5 gxh5 22. Kh1 f5 23. Rg1 e4 24. fxe4 fxe4 25. Be2 Kf6 26. h4 Bf4 27. f3 Rc8 28. fxe4 dxe4 29. Raf1 Ke5 30. Rg6 Rc2 31. Bxh5 Bd5 32. Rg2 e3 33. Bf3 e2 34. Rxe2+ Rxe2 35. Bxd5 Rxb2 36. Bb3 Rh2+ 37. Kg1 Rxh4 38. Re1+ Kd6 39. Re6+ Kd7 40. Kf2 Bd6 41. Rg6 Kc6 42. Ke2 a5 43. a4 Rb4 44. Bc2 Kd5 45. Kd3 Be5 46. Kd2 Rd4+ 47. Kc1 Rb4 48. Kd2 Bf4+ 49. Kc3 Be5+ 50. Kd2 b6 51. Rg8 Rh4 52. Rc8 Rh2+ 53. Kd3 1/2-1/2

[Event "CZE-chT2B 1314"]
[Site "Czech Republic"]
[Date "2014.03.23"]
[Round "10.7"]
[White "Vanek, Petr"]
[Black "Vanicek, Lukas"]
[Result "1/2-1/2"]
[WhiteElo "2190"]
[BlackElo "1821"]
[PlyCount "61"]
[EventDate "2013.11.03"]
[EventType "team-tourn"]
[EventRounds "11"]
[EventCountry "CZE"]
[SourceTitle "EXT 2015"]
[Source "ChessBase"]
[SourceDate "2014.11.20"]
[SourceVersion "1"]
[SourceVersionDate "2014.11.20"]
[SourceQuality "1"]
[WhiteTeam "Vysehrad"]
[BlackTeam "Bakov nad Jizerou"]
[WhiteTeamCountry "CZE"]
[BlackTeamCountry "CZE"]

1. e4 e6 2. d4 b6 3. Nc3 Bb4 4. Nf3 Bb7 5. Bd3 c5 6. Bd2 cxd4 7. Nb5 Be7 8. Nbxd4 Nc6 9. 0-0 Nf6 10. Qe2 Rc8 11. e5 Nd5 12. a3 Nxd4 13. Nxd4 Bg5 14. f4 Be7 15. Kh1 Bc5 16. Nf3 a5 17. c4 Ne7 18. b4 Bxf3 19. Qxf3 Bd4 20. Rad1 Bb2 21. Be2 axb4 22. Bxb4 Nc6 23. Qb3 Bd4 24. Qd3 Bc5 25. f5 Bxb4 26. axb4 exf5 27. Qxf5 Qe7 28. Bg4 Rd8 29. e6 0-0 30. exf7+ Rxf7 31. Qxf7+ 1/2-1/2

[Event "CZE-chT2C 1314"]
[Site "Czech Republic"]
[Date "2014.01.05"]
[Round "5.3"]
[White "Vanek, Petr"]
[Black "Jurek, Miroslav"]
[Result "1/2-1/2"]
[WhiteElo "2190"]
[BlackElo "2104"]
[PlyCount "39"]
[EventDate "2013.11.03"]
[EventType "team-tourn"]
[EventRounds "11"]
[EventCountry "CZE"]
[SourceTitle "EXT 2015"]
[Source "ChessBase"]
[SourceDate "2014.11.20"]
[SourceVersion "1"]
[SourceVersionDate "2014.11.20"]
[SourceQuality "1"]
[WhiteTeam "Vysehrad III"]
[BlackTeam "Jihlava Gambit"]
[WhiteTeamCountry "CZE"]
[BlackTeamCountry "CZE"]

1. e4 c6 2. Nc3 d5 3. Nf3 Bg4 4. h3 Bxf3 5. Qxf3 e6 6. g3 Nd7 7. Bg2 Ngf6 8. 0-0 Be7 9. d3 dxe4 10. dxe4 0-0 11. Qe2 e5 12. Be3 Qc7 13. a4 a5 14. Qc4 Nb6 15. Qb3 Nfd7 16. Rad1 Bc5 17. Bxc5 Nxc5 18. Qa2 Ne6 19. Ne2 Rad8 20. h4 1/2-1/2

[Event "CZE-chT2C 1213"]
[Site "Czech Republic"]
[Date "2012.12.02"]
[Round "4.1"]
[White "Vanek, Petr"]
[Black "Vojta, Tomas"]
[Result "1/2-1/2"]
[WhiteElo "2219"]
[BlackElo "2351"]
[PlyCount "96"]
[EventDate "2012.10.14"]
[EventType "team-tourn"]
[EventRounds "11"]
[EventCountry "CZE"]
[SourceTitle "EXT 2015"]
[Source "ChessBase"]
[SourceDate "2014.11.20"]
[SourceVersion "1"]
[SourceVersionDate "2014.11.20"]
[SourceQuality "1"]
[WhiteTeam "Vysehrad II"]
[BlackTeam "Vlasim"]
[WhiteTeamCountry "CZE"]
[BlackTeamCountry "CZE"]

1. e4 d5 2. exd5 Nf6 3. Bb5+ Nbd7 4. Nc3 a6 5. Be2 Nb6 6. d4 g6 7. Nf3 Bg7 8. 0-0 0-0 9. Ne5 Nbxd5 10. Nxd5 Nxd5 11. c4 Nb6 12. Bf4 c6 13. Qd2 Be6 14. Rac1 f6 15. Nf3 Qd7 16. Qa5 Nc8 17. Rfd1 Bf7 18. d5 b6 19. Qd2 c5 20. b4 Nd6 21. bxc5 bxc5 22. Qa5 Rfc8 23. Nd2 g5 24. Be3 Bg6 25. Nb3 Nb7 26. Qb6 Qc7 27. Qxc7 Rxc7 28. Bd3 Kf7 29. f4 gxf4 30. Bxf4 Rd7 31. Kf2 Rc8 32. Be3 Bf8 33. Kf3 f5 34. Rf1 e6 35. Ke2 Rcd8 36. g4 Ke8 37. gxf5 Bh5+ 38. Kd2 exd5 39. Kc2 Bf7 40. Kb1 dxc4 41. Bxc4 Bxc4 42. Rxc4 Rd1+ 43. Rxd1 Rxd1+ 44. Kc2 Rd5 45. Rh4 Rxf5 46. Rxh7 Nd8 47. Kd3 Nf7 48. Rh4 Rf3 1/2-1/2

[Event "CZE-chT1W 1213"]
[Site "Czech Republic"]
[Date "2012.11.11"]
[Round "2.7"]
[White "Vanek, Petr"]
[Black "Roj, Miroslav"]
[Result "1/2-1/2"]
[WhiteElo "2219"]
[BlackElo "2187"]
[PlyCount "39"]
[EventDate "2012.10.28"]
[EventType "team-tourn"]
[EventRounds "11"]
[EventCountry "CZE"]
[SourceTitle "CBM 151 Extra"]
[Source "ChessBase"]
[SourceDate "2012.12.18"]
[SourceVersion "1"]
[SourceVersionDate "2012.12.18"]
[SourceQuality "1"]
[WhiteTeam "Vysehrad"]
[BlackTeam "Hradec Kralove"]
[WhiteTeamCountry "CZE"]
[BlackTeamCountry "CZE"]

1. e4 c5 2. Nf3 d6 3. d4 cxd4 4. Qxd4 a6 5. c4 Nc6 6. Qd2 g6 7. Nc3 Bg7 8. Be2 Nf6 9. 0-0 0-0 10. h3 Rb8 11. Qc2 Nd7 12. Be3 b6 13. a3 Bb7 14. Rac1 Ba8 15. Rfd1 Qc8 16. Nd5 Re8 17. b4 e6 18. Nc3 Bf8 19. Qa4 Qb7 20. Qb3 1/2-1/2

[Event "CZE-chT rap"]
[Site "Pardubice"]
[Date "2012.07.14"]
[Round "5.3"]
[White "Kulovana, Eva"]
[Black "Vanek, Petr"]
[Result "1/2-1/2"]
[WhiteElo "2264"]
[BlackElo "2212"]
[PlyCount "79"]
[EventDate "2012.07.12"]
[EventType "team-swiss"]
[EventRounds "7"]
[EventCountry "CZE"]
[SourceTitle "EXT 2013"]
[Source "ChessBase"]
[SourceDate "2012.11.22"]
[SourceVersion "1"]
[SourceVersionDate "2012.11.22"]
[SourceQuality "1"]

1. e4 e6 2. d4 d5 3. Nd2 Nf6 4. e5 Nfd7 5. Bd3 c5 6. c3 Nc6 7. Ne2 cxd4 8. cxd4 f6 9. exf6 Nxf6 10. Nf3 Bd6 11. 0-0 0-0 12. Bg5 Qc7 13. Bh4 Bd7 14. Bg3 Be8 15. Bxd6 Qxd6 16. Ng3 Nh5 17. Ng5 Nf6 18. Bc2 h6 19. Nf3 Qf4 20. Re1 Bd7 21. a3 Rae8 22. Qd3 Re7 23. Rad1 Be8 24. Ne5 Rc7 25. Bb1 Ne7 26. Ne2 Qg5 27. Nf3 Qg6 28. Qb3 Ne4 29. Ng3 Bc6 30. Ne5 Qf6 31. f3 Nxg3 32. hxg3 Be8 33. Qd3 Qf5 34. Qe3 Qh5 35. g4 Qg5 36. Qxg5 hxg5 37. Kf2 Ba4 38. Rd2 Rfc8 39. Nd3 Kf7 40. Rde2 1/2-1/2

[Event "CZE-chT1W 1112"]
[Site "Czech Republic"]
[Date "2012.02.26"]
[Round "9.2"]
[White "Vanek, Petr"]
[Black "Voloshin, Leonid"]
[Result "1/2-1/2"]
[WhiteElo "2205"]
[BlackElo "2449"]
[PlyCount "22"]
[EventDate "2011.10.02"]
[EventType "team-tourn"]
[EventRounds "11"]
[EventCountry "CZE"]
[SourceTitle "EXT 2013"]
[Source "ChessBase"]
[SourceDate "2012.11.22"]
[SourceVersion "1"]
[SourceVersionDate "2012.11.22"]
[SourceQuality "1"]
[WhiteTeam "Vysehrad"]
[BlackTeam "Jicin"]
[WhiteTeamCountry "CZE"]
[BlackTeamCountry "CZE"]

1. e4 c5 2. Nf3 e6 3. d3 Nc6 4. g3 d5 5. Nbd2 Bd6 6. Bg2 Nge7 7. 0-0 0-0 8. Re1 b6 9. c3 dxe4 10. dxe4 e5 11. Nc4 Bc7 1/2-1/2

[Event "CZE-chT1W 1112"]
[Site "Czech Republic"]
[Date "2011.11.13"]
[Round "3.4"]
[White "Vanek, Petr"]
[Black "Fiala, Robert"]
[Result "0-1"]
[WhiteElo "2205"]
[BlackElo "2288"]
[PlyCount "46"]
[EventDate "2011.10.02"]
[EventType "team-tourn"]
[EventRounds "11"]
[EventCountry "CZE"]
[SourceTitle "EXT 2012"]
[Source "ChessBase"]
[SourceDate "2011.11.24"]
[SourceVersion "1"]
[SourceVersionDate "2011.11.24"]
[SourceQuality "1"]
[WhiteTeam "Vysehrad"]
[BlackTeam "Kozolupy"]
[WhiteTeamCountry "CZE"]
[BlackTeamCountry "CZE"]

1. e4 c5 2. Nf3 Nc6 3. d3 g6 4. g3 Bg7 5. Bg2 e5 6. Nbd2 Nge7 7. 0-0 0-0 8. Nc4 d5 9. exd5 Nxd5 10. Re1 Re8 11. a4 h6 12. Nfd2 Be6 13. Ne4 Qe7 14. Bd2 f5 15. Nc3 Ndb4 16. Nb5 Rad8 17. Qc1 g5 18. Nba3 Qf7 19. Bc3 e4 20. Bxg7 Kxg7 21. Qe3 b6 22. Rad1 Nd4 23. Rd2 Nd5 0-1